Educational Opportunity for All Overcoming Inequality Throughout the Life Course
Gespeichert in:
| Format: | Buch |
|---|---|
| Sprache: | Englisch |
| Veröffentlicht: |
Paris
OECD
2017
|
| Schriftenreihe: | Educational Research and Innovation
|
| Schlagworte: | |
| Tags: |
Keine Tags, Fügen Sie das erste Tag hinzu!
|
MARC
| LEADER | 00000nam a2200000 4500 | ||
|---|---|---|---|
| 001 | 0242748 | ||
| 005 | 20240314122853.7 | ||
| 020 | |a 978-92-64-28744-0 | ||
| 041 | 0 | |a eng | |
| 044 | |a FR | ||
| 245 | 1 | 0 | |a Educational Opportunity for All |b Overcoming Inequality Throughout the Life Course |
| 264 | 1 | |a Paris |b OECD |c 2017 | |
| 300 | |a 132 s. | ||
| 490 | 1 | |a Educational Research and Innovation | |
| 830 | 0 | |a Educational Research and Innovation | |
| 610 | 2 | 0 | |a nerovnosť sociálna |
| 610 | 2 | 0 | |a chudoba |
| 610 | 2 | 0 | |a vzdelávanie |
| 610 | 2 | 0 | |a investície |
| 610 | 2 | 0 | |a spravodlivosť sociálna |
| 610 | 2 | 0 | |a výchova |
| 610 | 2 | 0 | |a deti |
| 610 | 2 | 0 | |a politika vzdelávania |
| 610 | 2 | 0 | |a podpora vzdelávania |
| 610 | 2 | 0 | |a školy |
| 610 | 2 | 0 | |a nerovnosť |
| 610 | 2 | 0 | |a výkonnosť |
| 610 | 2 | 0 | |a študenti |
| 610 | 2 | 0 | |a potreby sociálne |
| 610 | 2 | 0 | |a potreby ekonomické |
| 610 | 2 | 0 | |a vzdelávanie dospelých |
| 610 | 2 | 0 | |a efektívnosť |
| 610 | 2 | 0 | |a firmy |
| 610 | 2 | 0 | |a miesta pracovné |
| 610 | 2 | 0 | |a ukazovatele |
| 610 | 2 | 0 | |a porovnanie štatistické medzinárodné |